Ochrana interesov detej v sovetskom semejnom i graždanskom prave /

Hlavní autor: Sverdlov, Grigorij Markovič, 1898-1965
Jazyk: Ruština
Vydáno: Moskva : Akademija nauk SSSR, 1955
Fyzický popis: 157 s.
Knihy
Uloženo v:
LEADER 00661nam a22001932a 4500
001 000975886
003 CZ BrMZK
005 20100430091012.0
007 ta
008 091105s1955 ru er|||||||||||rus d
040 |a ABA004  |b cze  |c ABA004  |d BOA001 
100 1 |a Sverdlov, Grigorij Markovič,  |d 1898-1965  |7 jx20050524025  |4 aut 
245 1 0 |a Ochrana interesov detej v sovetskom semejnom i graždanskom prave /  |c Grigorij Markovič Sverdlov 
260 |a Moskva :  |b Akademija nauk SSSR,  |c 1955 
300 |a 157 s. 
910 |a BOA001  |b 1-0357.018 
990 |a BK 
991 |b 200911 
996 7 |b 2619414577  |c 1-0357.018  |l MZK  |r Sklad / do 1 hodiny  |n 0  |w 000975886  |u 000010  |a 1  |e BOA001  |j MZK50  |s A